000 00688nam a2200289Ia 4500
005 20260324115819.0
008 008 260324s9999 xx 000 0 eng d
020 _a9781041057536
037 _aEBOOK
040 _aCRL
040 _beng
040 _cCRL
041 _2eng
041 _aeng
084 _qCRL
100 _aDeborah Kellsey; Amanda Taylor-Beswick
_91156111
245 4 _aThe LearningWheel
245 2 _bA model of digital pedagogy
260 _bTaylor and Francis
260 _c2016
365 _a
365 _b110
856 _uhttp://www.taylorfrancis.com/books/9781041057536
942 _cEBOOK
999 _c1747260
_d1747260